[Event "GER-Cup33 E/V04 email"]
[Site "GER email"]
[Date "2017.12.25"]
[Round "?"]
[White "Brandl, Alexander"]
[Black "Eschert, Uwe"]
[Result "0-1"]
[WhiteElo "1765"]
[BlackElo "2077"]
[PlyCount "40"]
[EventDate "2018.01.10"]
[EventType "tourn (corr)"]
[EventRounds "4"]
[EventCountry "GER"]
[SourceTitle "Corr 2020"]
[Source "ChessBase"]
[SourceDate "2019.09.30"]
[SourceVersion "1"]
[SourceVersionDate "2019.09.30"]
[SourceQuality "1"]

1. a3 d5 2. g3 e5 3. Bg2 Nf6 4. c4 Nc6 5. Qa4 Be6 6. Nf3 Qd7 7. Nc3 d4 8. Nb5 e4 9. Ng5 a6 10. Nxe4 Nxe4 11. Bxe4 Rc8 12. 0-0 axb5 13. Qxb5 Rb8 14. b4 Bd6 15. d3 0-0 16. f4 Bh3 17. Rf2 Rfe8 18. Bb2 h6 19. Qh5 Bg4 20. Qh4 Be7 0-1

[Event "GER HS-210 email"]
[Site "GER email"]
[Date "2016.08.31"]
[Round "?"]
[White "Boettcher, Frank"]
[Black "Brandl, Alexander"]
[Result "0-1"]
[WhiteElo "1285"]
[BlackElo "1770"]
[PlyCount "52"]
[EventDate "2016.09.05"]
[EventType "tourn (corr)"]
[EventRounds "6"]
[EventCountry "GER"]
[SourceTitle "Corr 2020"]
[Source "ChessBase"]
[SourceDate "2019.09.30"]
[SourceVersion "1"]
[SourceVersionDate "2019.09.30"]
[SourceQuality "1"]

1. e4 e6 2. d4 d5 3. e5 c5 4. Nf3 Nc6 5. Be3 Qb6 6. b3 cxd4 7. Nxd4 Nxe5 8. Bb5+ Bd7 9. Bxd7+ Nxd7 10. Nf3 Bc5 11. Bxc5 Qxc5 12. 0-0 Ngf6 13. h3 0-0 14. Re1 Rac8 15. Re2 Ne4 16. Nbd2 Nc3 17. Qe1 Nxe2+ 18. Qxe2 Qxc2 19. Qb5 Qc6 20. Qd3 Nf6 21. Ng5 Qc3 22. Qe2 Qxa1+ 23. Nf1 Rc1 24. Nf3 Rfc8 25. a4 Rxf1+ 26. Qxf1 Rc1 0-1

[Event "GER Cup18 E/V05 email"]
[Site "GER email"]
[Date "2014.??.??"]
[Round "?"]
[White "Lorenz, Michael"]
[Black "Brandl, Alexander"]
[Result "1-0"]
[WhiteElo "1640"]
[BlackElo "1952"]
[PlyCount "57"]
[EventDate "2014.??.??"]
[EventType "tourn (corr)"]
[EventRounds "4"]
[EventCountry "GER"]
[SourceTitle "Corr 2015"]
[Source "ChessBase"]
[SourceDate "2015.07.17"]
[SourceVersion "1"]
[SourceVersionDate "2015.07.17"]
[SourceQuality "1"]

1. c4 g6 2. g3 Bg7 3. Bg2 e5 4. Nc3 Ne7 5. e4 d6 6. d3 Nbc6 7. Nge2 f5 8. 0-0 0-0 9. Nd5 Be6 10. Be3 Qd7 11. Qd2 Rf7 12. f3 Kh8 13. Rae1 Raf8 14. b3 Ng8 15. exf5 Bxf5 16. d4 Bh3 17. dxe5 Bxg2 18. Kxg2 Nxe5 19. f4 Nc6 20. Nd4 Nge7 21. Re2 g5 22. Nf3 gxf4 23. Bxf4 Ng6 24. Ng5 Nxf4+ 25. Nxf4 Rf5 26. Nge6 R8f7 27. c5 Be5 28. Ng6+ hxg6 29. Qh6+ 1-0

[Event "GER-Cup16 E/V03 email"]
[Site "GER email"]
[Date "2012.12.10"]
[Round "?"]
[White "Brandl, Alexander"]
[Black "Eife, Gunter"]
[Result "1-0"]
[WhiteElo "1789"]
[BlackElo "1673"]
[PlyCount "43"]
[EventDate "2012.12.19"]
[EventType "tourn (corr)"]
[EventRounds "4"]
[EventCountry "GER"]
[SourceTitle "Corr 2015"]
[Source "ChessBase"]
[SourceDate "2015.07.17"]
[SourceVersion "1"]
[SourceVersionDate "2015.07.17"]
[SourceQuality "1"]

1. d4 Nf6 2. Bf4 d5 3. e3 e6 4. Nd2 c5 5. c3 Nc6 6. Bd3 Bd6 7. Bxd6 Qxd6 8. f4 cxd4 9. cxd4 Bd7 10. a3 0-0 11. Ngf3 Ng4 12. Qe2 Nf6 13. Ne5 Qe7 14. 0-0 Be8 15. Rac1 Nd7 16. Ndf3 Ncxe5 17. dxe5 f5 18. Rc7 b6 19. Nd4 Bf7 20. Bb5 Rfd8 21. Nc6 Qe8 22. Nxd8 1-0

[Event "GER S2G2 enginefrei email"]
[Site "GER email"]
[Date "2012.01.27"]
[Round "?"]
[White "Brandl, Alexander"]
[Black "Eschert, Uwe"]
[Result "0-1"]
[WhiteElo "1789"]
[BlackElo "2044"]
[PlyCount "52"]
[EventDate "2012.02.07"]
[EventType "tourn (corr)"]
[EventRounds "6"]
[EventCountry "GER"]
[SourceTitle "Corr 2015"]
[Source "ChessBase"]
[SourceDate "2015.07.17"]
[SourceVersion "1"]
[SourceVersionDate "2015.07.17"]
[SourceQuality "1"]

1. g3 e5 2. Bg2 Nc6 3. d3 g6 4. e4 Nf6 5. c4 Bg7 6. Nc3 0-0 7. Nge2 d6 8. 0-0 Re8 9. Nd5 Nxd5 10. cxd5 Nd4 11. Nxd4 exd4 12. Bd2 c5 13. dxc6 bxc6 14. Rc1 c5 15. b4 Ba6 16. bxc5 dxc5 17. Rxc5 Bxd3 18. Re1 Rb8 19. Ba5 Qd6 20. Bc7 Qxc5 21. Bxb8 Qc2 22. Bxa7 Ra8 23. Bb6 Rxa2 24. Qxc2 Bxc2 25. Bf3 d3 26. Be3 Bc3 0-1

[Event "GER S2G2 enginefrei email"]
[Site "GER email"]
[Date "2012.01.27"]
[Round "?"]
[White "Brandl, Alexander"]
[Black "Wilshusen, Horst"]
[Result "0-1"]
[WhiteElo "1789"]
[BlackElo "1493"]
[PlyCount "106"]
[EventDate "2012.02.07"]
[EventType "tourn (corr)"]
[EventRounds "6"]
[EventCountry "GER"]
[SourceTitle "Corr 2015"]
[Source "ChessBase"]
[SourceDate "2015.07.17"]
[SourceVersion "1"]
[SourceVersionDate "2015.07.17"]
[SourceQuality "1"]

1. g3 c5 2. Bg2 Nc6 3. d3 g6 4. Nc3 Bg7 5. e4 d6 6. f4 Nf6 7. Nf3 0-0 8. 0-0 Rb8 9. h3 b5 10. Be3 b4 11. Ne2 Qc7 12. Rc1 Qa5 13. Ra1 Nd7 14. Bc1 Qb6 15. Kh2 a5 16. Rb1 a4 17. Be3 Qb5 18. Qd2 Ba6 19. Rfe1 Rfc8 20. Bf1 Qb7 21. f5 Nde5 22. Nxe5 Nxe5 23. Bg2 Qd7 24. fxg6 fxg6 25. Rf1 Rf8 26. Bh6 Rxf1 27. Rxf1 Rf8 28. Rxf8+ Kxf8 29. Bxg7+ Kxg7 30. b3 a3 31. Ng1 Bc8 32. Qf4 Nc6 33. Nf3 e5 34. Qe3 Na7 35. Ng1 Nb5 36. Ne2 h6 37. Qf2 Qd8 38. Qe3 Be6 39. Qd2 h5 40. Qe3 g5 41. Qf2 Qe7 42. Kg1 Qd7 43. Kh2 Kg6 44. Qf1 Qc7 45. Qf2 Na7 46. Ng1 Nc6 47. Ne2 Qe7 48. Qf1 Qg7 49. Qf2 g4 50. h4 Qh6 51. Kg1 Kg7 52. Bf1 Qd2 53. Kg2 Nd8 0-1

[Event "GER HS-111 email"]
[Site "GER email"]
[Date "2011.10.16"]
[Round "?"]
[White "Jarecki, Marian"]
[Black "Brandl, Alexander"]
[Result "1/2-1/2"]
[WhiteElo "1840"]
[BlackElo "1708"]
[PlyCount "87"]
[EventDate "2011.10.24"]
[EventType "tourn (corr)"]
[EventRounds "6"]
[EventCountry "GER"]
[SourceTitle "Corr 2015"]
[Source "ChessBase"]
[SourceDate "2015.07.17"]
[SourceVersion "1"]
[SourceVersionDate "2015.07.17"]
[SourceQuality "1"]
[WhiteTeam "Germany"]
[BlackTeam "Germany"]
[WhiteTeamCountry "GER"]
[BlackTeamCountry "GER"]

1. d4 e6 2. Nc3 d5 3. e4 dxe4 4. Nxe4 Nd7 5. Nf3 Ngf6 6. Nxf6+ Nxf6 7. Bd3 b6 8. Qe2 Bb7 9. Ne5 a6 10. Bg5 Be7 11. 0-0-0 Nd7 12. Bf4 Bg5 13. Qg4 Bxf4+ 14. Qxf4 Qf6 15. Qe3 0-0-0 16. Rd2 Nxe5 17. dxe5 Qe7 18. Rhd1 Kb8 19. g3 Rd5 20. Bc4 Rxd2 21. Rxd2 Rd8 22. Qa3 Qf8 23. f4 Ka7 24. Qxf8 Rxf8 25. b4 Bc6 26. a3 b5 27. Bd3 h6 28. c4 Kb6 29. Kc2 bxc4 30. Bxc4 a5 31. Rd4 axb4 32. axb4 g6 33. Kc3 h5 34. Rd2 Ra8 35. Ra2 Rxa2 36. Bxa2 Be4 37. Kd4 Bc2 38. Bc4 Bb1 39. Be2 Bc2 40. h4 Bf5 41. Kc4 Bh3 42. Kc3 Bf5 43. Kd4 Bh3 44. Kc4 1/2-1/2